LEADER 01146nam a2200265 u 4500 001 000000041253 003 CaOOAMICUS 005 20070226114207.0 008 981120s1996 it d u000 u ita u 020 $a8841525924 035 $a10808488 040 $aMSA$bita$dPUL(R) 245 02$aL'enciclopedia della filosofia e delle scienze umane. 260 $aNovara :$bIstituto Geografico De Agostini,$cc1996. 300 $a1118 p. :$bdiagr. ;$c24 cm 500 $a"Presentazione di Eugenio Garin". 504 $aBibliografia: p. 1090-1106. 650 4$aFilosofia$xEnciclopedie e dizionari.$0(OLS)http://pul/subject/7761 650 4$aScienze umane$xEnciclopedie e dizionari.$0(OLS)http://pul/subject/18612 850 $aPUL 852 $aPUL$W1$xSL Cons. Gen., Altre Classi 1$y1$m2015.$j55922$nBK-PRI$b $qStampati$B55922$CPULBib$Z2$F55922 $H $81 941 1 $a8 996 $6020$a8841525924$9(OLS)http://pul/number/51377 996 $6245$aL'enciclopedia della filosofia e delle scienze umane$9(OLS)http://pul/title/55678 996 $6260$aNovara :$bIstituto Geografico De Agostini$9(OLS)http://pul/publisher/50139 LEADER 01433nam a2200313 u 4500 001 000000054366 003 CaOOAMICUS 005 20070226115650.0 008 001211s1994 it u000 u ita u 020 $a88-7514-607-1 035 $a10863497 040 $aPUL(R)$bita 100 1 $aAddante, Pietro,$cO.M.$0(OLS)http://pul/name/5808 245 13$aLa "fucina del mondo" :$bstoricismo, epistemologia, ermeneutica /$cPietro Addante ; con un augurio di Rosario Assunto. 260 $aFasano :$bSchena,$c1994. 300 $a430 p. ;$c21 cm 490 1 $aBiblioteca della ricerca.$aMentalitā e scrittura ;$v7 504 $a"Bibliografia essenziale": p. [411]-418. 650 4$aEpistemologia.$0(OLS)http://pul/subject/439 650 4$aStoricismo.$0(OLS)http://pul/subject/16185 650 4$aErmeneutica.$0(OLS)http://pul/subject/438 700 1 $aAssunto, Rosario,$d1915-1994.$0(OLS)http://pul/name/15908 830 0$aBiblioteca della ricerca.$pMentalitā e scrittura ;$v7.$0(OLS)http://pul/title/70706 850 $aPUL 852 $aPUL$W1$xDP1 Fondo Giannini$y60$m1557 B 32$j71629$nBK-PRI$b $qFondi$B71629$CPULBib$Z2$F71629 $H $81 941 1 $a1 996 $6020$a88-7514-607-1$9(OLS)http://pul/number/68473 996 $6245$aLa "fucina del mondo" :$bstoricismo, epistemologia, ermeneutica$9(OLS)http://pul/title/72903 996 $6260$aFasano :$bSchena$9(OLS)http://pul/publisher/67424